Azaña (Record no. 74731)

MARC details
000 -LEADER
campo de control de longitud fija 00584nam a2200181 i 4500
001 - NÚMERO DE CONTROL
campo de control 74731
003 - IDENTIFICADOR DE NÚMERO DE CONTROL
campo de control ES-MaACL
005 - FECHA Y HORA DE LA ÚLTIMA TRANSACCIÓN
campo de control 20250627063634.0
007 - CAMPO FIJO DE DESCRIPCIÓN FÍSICA--INFORMACIÓN GENERAL
campo de control de longitud fija t|
008 - DATOS DE LONGITUD FIJA--INFORMACIÓN GENERAL
campo de control de longitud fija 040920s1932 sp ||||1| spa d
100 1# - ENTRADA PRINCIPAL--NOMBRE DE PERSONA
Nombre de persona González Ruiz, Nicolás,
Fechas asociadas al nombre 1897-1967
9 (RLIN) 58946
245 10 - MENCIÓN DEL TÍTULO
Título Azaña
Resto del título : sus ideas religiosas, sus ideas políticas : el hombre /
Mención de responsabilidad, etc. Nicolás González Ruiz.
260 ## - PUBLICACIÓN, DISTRIBUCIÓN, ETC.
Lugar de publicación, distribución, etc. Madrid :
Nombre del editor, distribuidor, etc. [s.n.,
Fecha de publicación, distribución, etc. 1932] (
Fabricante Gráfica Universal)
300 ## - DESCRIPCIÓN FÍSICA
Extensión 196 p. ;
Dimensiones 12 cm.
600 14 - PUNTO DE ACCESO ADICIONAL DE MATERIA--NOMBRE DE PERSONA
Nombre de persona Azaña, Manuel,
Fechas asociadas al nombre 1880-1940
9 (RLIN) 24223
852 ## - LOCALIZACIÓN
Ubicación ES-MaACL
Número de control de estantería F-13988
Holdings
Estatus retirado Estado de pérdida Estado de daño No para préstamo Biblioteca de origen Biblioteca actual Ubicación en estantería Fecha de adquisición Fuente de adquisición Total de préstamos Signatura topográfica completa Código de barras Visto por última vez Precio de reemplazo Tipo de ítem Koha
        Biblioteca del Ateneo de Madrid Biblioteca del Ateneo de Madrid Sala Pecera Planta 2 17/01/2008     F-13988 1078227 23/02/2023 23/02/2023 Libro impreso